Music Quiz

Random Music or Song Quiz

U2 Complete Song Lyrics 35 Quiz Stats

 Plays Quiz not verified by Sporcle

Support Sporcle.
Go Orange.
Score 0/249 Timer 07:00
0 Plays Today
% Correct
I
97.5%
I
97.5%
I
97.5%
I
97.5%
I
97.5%
I
97.5%
I
97.5%
I
97.5%
I
97.5%
I
97.5%
I
97.5%
a
91.1%
a
91.1%
a
91.1%
a
91.1%
a
91.1%
you
89.9%
you
89.9%
you,
89.9%
you
89.9%
you
89.9%
you
89.9%
the
88.6%
The
88.6%
the
88.6%
love.
86.1%
love.
86.1%
love.
86.1%
love!
86.1%
love.
86.1%
is
83.5%
is
83.5%
is
83.5%
is
83.5%
is
83.5%
is
83.5%
is
83.5%
is
83.5%
is
83.5%
is
83.5%
is
83.5%
is
83.5%
is
83.5%
to
82.3%
and
82.3%
to
82.3%
to
82.3%
to
82.3%
to
82.3%
to
82.3%
and
82.3%
to
82.3%
to
82.3%
and
82.3%
to
82.3%
to
82.3%
to
82.3%
and
82.3%
to
82.3%
to
82.3%
and
82.3%
your
81%
your
81%
your
81%
your
81%
me
79.7%
no,
79.7%
no
79.7%
no
79.7%
no,
79.7%
no
79.7%
no,
79.7%
no
79.7%
no
79.7%
no,
79.7%
no
79.7%
it
78.5%
it
78.5%
in
77.2%
in
77.2%
in
77.2%
be,
69.6%
on
68.4%
% Correct
know,
68.4%
know,
68.4%
know,
68.4%
know
68.4%
know
68.4%
know
68.4%
know
68.4%
know
68.4%
know
68.4%
go,
68.4%
all
67.1%
all
67.1%
All
67.1%
all
67.1%
All
67.1%
all
67.1%
we
65.8%
We
65.8%
that
64.6%
need
64.6%
need
64.6%
it's
64.6%
need
64.6%
that
64.6%
need
64.6%
need
64.6%
can
63.3%
Oh,
60.8%
oh,
60.8%
what
59.5%
where
59.5%
like
58.2%
like
58.2%
there
58.2%
there
58.2%
if
58.2%
like
58.2%
for
58.2%
there
58.2%
there
58.2%
there
58.2%
there
58.2%
There
58.2%
there
58.2%
there
58.2%
are
55.7%
but
53.2%
but
53.2%
heart
51.9%
don't
50.6%
at
49.4%
here,
48.1%
have
48.1%
how
45.6%
how
45.6%
end
44.3%
end
44.3%
end
44.3%
end
44.3%
end
44.3%
end
44.3%
then
43%
why
43%
that's
41.8%
yeah,
41.8%
that's
41.8%
that's
41.8%
yeah,
41.8%
yeah,
41.8%
yeah,
41.8%
baby.
40.5%
baby.
40.5%
California,
39.2%
California,
39.2%
California,
39.2%
come,
38%
come
38%
into
36.7%
does.
36.7%
down,
35.4%
cry
35.4%
did,
35.4%
just
35.4%
% Correct
cry
35.4%
just
35.4%
I've
34.2%
Barbara,
32.9%
Barbara.
32.9%
Barbara,
32.9%
Barbara.
32.9%
Barbara,
32.9%
Barbara.
32.9%
Barbara,
32.9%
Barbara.
32.9%
Barbara,
32.9%
Barbara.
32.9%
Barbara,
32.9%
Barbara.
32.9%
Barbara,
32.9%
Barbara.
32.9%
Barbara,
32.9%
Barbara.
32.9%
Barbara,
32.9%
Barbara.
32.9%
Barbara,
32.9%
Barbara.
32.9%
would
32.9%
Santa
31.6%
Santa
31.6%
Santa
31.6%
Santa
31.6%
Santa
31.6%
Santa
31.6%
Santa
31.6%
Santa
31.6%
Santa
31.6%
Santa
31.6%
sea.
31.6%
always
31.6%
our
30.4%
well
29.1%
out
29.1%
away.
29.1%
shining
27.8%
there's
27.8%
didn't
26.6%
took
25.3%
star
25.3%
light
25.3%
days
25.3%
days
25.3%
which
24.1%
never
24.1%
watching
22.8%
bedroom,
22.8%
watching
22.8%
yourself
22.8%
brings
22.8%
call
21.5%
sunset
21.5%
seen
21.5%
stay
20.3%
mirror,
20.3%
knees.
20.3%
give
20.3%
back.
20.3%
myself,
19%
fell
17.7%
enough.
17.7%
drags
16.5%
Zuma,
16.5%
said
16.5%
thought
16.5%
Everyone's
16.5%
town,
16.5%
stolen
16.5%
Stolen
16.5%
weight
15.2%
dawn
15.2%
gets
15.2%
orange
15.2%
words
13.9%
scare
13.9%
dimmer
13.9%
grief,
13.9%
blood
12.7%

You're not logged in!

Compare scores with friends on all Sporcle quizzes.
OR
Log In

From the Vault

-lphabetized: Harry Potter Characters

by jrage2009

There are an unusually large number of them alphabetized under 'W'.
Remove Ads.
Support Sporcle.
Get the best of Sporcle when you Go Orange. This ad-free experience offers more features, more stats, and more fun while also helping to support Sporcle. Thank you for becoming a member.

Show Comments

Extras

Created Feb 1, 2016ReportNominate
Tags:Song Quiz, complete

Top Quizzes Today


Score Distribution

Your Account Isn't Verified!

In order to create a playlist on Sporcle, you need to verify the email address you used during registration. Go to your Sporcle Settings to finish the process.

Report this User

Report this user for behavior that violates our Community Guidelines.

Details: